000 00351nam a2200145Ia 4500
008 221030s9999 xx 000 0 und d
041 _aEnglish
082 _a105.23
100 _aS. L. Gupta
245 0 _aElectrodynamics ( electricity and magnetism)
_cby S. L. Gupta , V. Kumar
260 _c0
650 _aB
700 _aV. Kumar
942 _cBK
999 _c11549
_d11549